| 000 | 00517nam a22001937a 4500 | ||
|---|---|---|---|
| 003 | MPLRDC | ||
| 005 | 20220105061101.0 | ||
| 008 | 210129b ||||| |||| 00| 0 eng d | ||
| 020 | _a978-986-301-712-7 | ||
| 082 | _a855 SU | ||
| 100 | _aPETER SU 图文 | ||
| 245 |
_a如果可以,谁想要复杂! _c |
||
| 250 | _a再版二刷 | ||
| 260 |
_a台湾 _b大众国际书局股份有限公司 _c2016 |
||
| 300 | _b平 | ||
| 520 | _a上架 2017-02-16 | ||
| 650 | _a散文;随笔、日记 | ||
| 942 |
_cBK _o855 SU |
||
| 999 |
_c68557 _d68547 |
||